| 000 | 01151na a2200325 4500 | ||
|---|---|---|---|
| 999 |
_c15432 _d15432 |
||
| 001 | 14743 | ||
| 003 | MIRAKIL | ||
| 005 | 20240216160754.0 | ||
| 008 | 160918b tu 000 0 | ||
| 035 | _a14743 | ||
| 040 |
_aMilas _btur _cTR-AnCHP |
||
| 082 |
_aCHP 324.2182 _bA46 2006 |
||
| 090 | _aCHP 324.2182 A46 2006 | ||
| 245 |
_aAKP'nin sosyal güvenlik reformu(!) tuzağının gerçek yüzü _cCHP |
||
| 246 | _aAKPnin sosyal güvenlik reformu tuzağının gerçek yüzü | ||
| 260 |
_a[Ankara] _b[CHP] _c2006 |
||
| 300 |
_a31 s. _btbl. _c21 sm. |
||
| 610 |
_aCHP _xAKP iktidarı _zEleştiriler |
||
| 610 |
_aCHP _xSosyal güvenlik reformu _yEleştiriler |
||
| 650 |
_aDinci partiler _xAKP _yEleştiriler _zTürkiye |
||
| 650 |
_aAKP iktidarı _xSosyal güvenlik reformu _yEleştiriler |
||
| 650 |
_aSosyal güvenlik _zTürkiye |
||
| 651 |
_aTürkiye _xSiyaset ve yönetim _y2002- |
||
| 710 | _aCumhuriyet Halk Partisi | ||
| 710 | _aAdalet ve Kakınma Partisi (AKP) | ||
| 810 | _aCumhuriyet Halk Partisi | ||
| 856 | _zDijital Nüshası için Partimizin Kütüphane Sorumlusu ile iletişime geçiniz. | ||
| 942 | _cBKS | ||
| 999 | _d8245 | ||